The brothers karamazov (Record no. 612096)

MARC details
000 -LEADER
fixed length control field 00465nam a22001697a 4500
008 - FIXED-LENGTH DATA ELEMENTS--GENERAL INFORMATION
fixed length control field 260212b |||||||| |||| 00| 0 eng d
020 ## - INTERNATIONAL STANDARD BOOK NUMBER
ISBN 9780140449242
Paper back/Hardbound pbk
041 ## - LANGUAGE CODE
Language code of text/sound track or separate title eng
082 ## - DEWEY DECIMAL CLASSIFICATION NUMBER
Classification number 891.733 DOS
100 ## - MAIN ENTRY--AUTHOR NAME
Personal name Dostoevsky, Fyodor
245 ## - TITLE STATEMENT
Title The brothers karamazov
Statement of responsibility, etc / Fyodor Dostoevsky
260 ## - PUBLICATION, DISTRIBUTION, ETC. (IMPRINT)
Place of publication Penguin Classics
Year of publication 2003.
300 ## - PHYSICAL DESCRIPTION
Number of Pages 1056 pages
650 ## - SUBJECT ADDED ENTRY--TOPICAL TERM
Topical Term East Indo-European & Celtic literatures
942 ## - ADDED ENTRY ELEMENTS (KOHA)
Koha item type English Books
Holdings
Withdrawn status Lost status Damaged status Not for loan Home library Current library Shelving location Date acquired Full call number Accession Number Price effective from Koha item type
        Anna Centenary Library Anna Centenary Library 4TH FLOOR, B WING 12.02.2026 891.733 DOS 392814 12.02.2026 English Books

Find us on the map